Normal view
MARC view
- الانظمه - نظام تعلم الرياضيات
Entry Topical Term
001 - CONTROL NUMBER
- control field: 58276
003 - CONTROL NUMBER IDENTIFIER
- control field: JO-AjAnu
005 - DATE AND TIME OF LATEST TRANSACTION
- control field: 20230606083534.0
008 - FIXED-LENGTH DATA ELEMENTS
- fixed length control field: 230606|| aca||aabn | a|a d
040 ## - CATALOGING SOURCE
- Original cataloging agency: JO-AjAnu
- Transcribing agency: JO-AjAnu
150 ## - HEADING--TOPICAL TERM
- Topical term or geographic name entry element: الانظمه - نظام تعلم الرياضيات
670 ## - SOURCE DATA FOUND
- Source citation: Work cat.: (JO-AjAnu)29729: اعداد صفيه علي المومني، وسام توفبق حميدات؛ اشراف غازي الشقاح, author 58275, نظام تعلم الرياضيات